有情世界話題多
| 資料類型: | 圖書 | 書目號: | 32484 |
Leader xxxxxxxxxx 001 __ PCLIS00032484 005 __ 20030501163307.07 010 0_ |a957-3005255|b平裝|dNT$180 020 __ |acw|b82005151 100 __ |a20030501d2003 0chib0109 e 101 0_ |achi 102 __ |acw 105 __ |aa z 000yy 200 1_ |a有情世界話題多|e|f陳宏著|g 205 __ |a初版 210 __ |a臺北市|c有容文化|d民90年 215 0_ |a1冊|c圖, 表|d21公分 225 1_ |a|v 300 __ |a 681 __ |a857.85|b 700 __ |a陳|b宏|4著 702 _1 |a|b|4 801 __ |acw|b本館|c20030501 |